| 000 | 00929nam a2200265 4500 | ||
|---|---|---|---|
| 003 | OSt | ||
| 005 | 20260530113853.0 | ||
| 008 | 260420b2001 sp a|||| |||| 00| 0 spa d | ||
| 020 | _a8425218608 | ||
| 040 |
_aICI _bspa _cICI |
||
| 050 | 4 |
_aNA2750 _bR5318 |
|
| 100 | 1 |
_aRichardson, Phyllis, _931396 |
|
| 245 | 1 | 0 |
_aXs : _bgrandes ideas para pequeños edificios / _cPhyllis Richardson ; Lucas Dietrich, editor ; version castellana de Emilia Perez Mata |
| 264 | 1 |
_bGustavo Gili, _c2001 _aBarcelona : |
|
| 300 |
_a223 páginas : _bilustraciones _c18.5 cm. |
||
| 336 |
_atexto _2rdacontent |
||
| 337 |
_asin medio _2rdamedia |
||
| 338 |
_avolumen _2rdacarrier |
||
| 500 | _aTraduccion de: Xs : big ideas in small-scale buildings | ||
| 650 | 4 |
_aDiseño arquitectónico _931397 |
|
| 650 | 4 |
_aConstrucción _931398 |
|
| 700 | 1 |
_aDietrich, Lucas, _eeditor _931399 |
|
| 700 | 1 |
_aPérez Mata, Emilia, _etraductor _931400 |
|
| 942 |
_2lcc _cBK |
||
| 999 |
_c11513 _d11513 |
||